Wrestlers by Picture 40: WCW's Cruiserweights - Statistics

General Stats
  • This quiz has been taken 46 times
  • The average score is 12 of 16
Answer Stats
Picture Answer % Correct
Eddie Guerrero
98%
Rey Mysterio Jr.
98%
Dean Malenko
96%
Chris Jericho
93%
Billy Kidman
87%
Chavo Guerrero Jr.
87%
Ultimo Dragon
87%
Lance Storm
82%
Juventud Guerera
80%
La Parka
80%
Psicosis
78%
Alex Wright
73%
Chris Candido
73%
Crowbar
56%
Blitzkrieg
42%
Kaz Hayashi
33%
No matching quizzes found
Score Distribution
Percent of People with Each Score
Percentile by Number Answered
Your Score History
You have not taken this quiz